[Event "Natal University Circuito Potiguar I"]
[Site "Natal"]
[Date "2017.04.07"]
[Round "1.11"]
[White "De Menezes, Ricardo Fagner Dias"]
[Black "Dantas, Joao Paulo Da Silva"]
[Result "1-0"]
[WhiteElo "1626"]
[BlackElo "1800"]
[PlyCount "99"]
[EventDate "2017.04.07"]
[EventType "swiss"]
[EventRounds "5"]
[EventCountry "BRA"]
[SourceTitle "EXT 2022"]
[Source "ChessBase"]
[SourceDate "2021.10.06"]
[SourceVersion "1"]
[SourceVersionDate "2021.10.06"]
[SourceQuality "1"]

1. Nf3 e6 2. c4 Nf6 3. b3 Nc6 4. Bb2 Be7 5. g3 d6 6. Bg2 Bd7 7. 0-0 b6 8. d4 0-0 9. Nc3 h6 10. e4 Nh7 11. a3 a6 12. Qc2 Ng5 13. Nd1 Bf6 14. Nxg5 Bxg5 15. f4 Bf6 16. e5 dxe5 17. fxe5 Bg5 18. Nf2 Be8 19. Rad1 Ra7 20. Kh1 Ne7 21. Ne4 Nf5 22. Nxg5 Qxg5 23. Bc1 Qd8 24. d5 Qc8 25. Bh3 Ne7 26. a4 Ng6 27. Ba3 Ne7 28. Bxe7 Bd7 29. Bxf8 Qxf8 30. dxe6 Bxe6 31. Bxe6 Qa8+ 32. Bd5 c6 33. Bg2 Qe8 34. Qf5 Re7 35. Rde1 g6 36. Qf3 c5 37. Qa8 a5 38. Qxe8+ Rxe8 39. Bd5 Re7 40. Rf6 Kg7 41. Ref1 g5 42. Rxf7+ Rxf7 43. Rxf7+ Kg6 44. Rf1 h5 45. e6 h4 46. e7 hxg3 47. e8Q+ Kh6 48. Rf6+ Kg7 49. Rg6+ Kh7 50. Qg8# 1-0